LEADER 01812nas a2200265 i 4500 001 000000002180 003 CaOOAMICUS 005 20210507172434.0 008 180830c19689999it br p u0 0ita r 040 $aSeMil$bita 245 03$aIl diaconato in Italia /$ca cura della Comunità del Diaconato in Italia. 260 $aReggio Emilia :$bCentro Diaconale,$c1968- 310 $aBimestrale 362 0 $a1968- 500 $aDimensioni variabili : 21-24 cm. - Editore dal 1997 (Anno 29., n° 106) al 2005 (Anno 37., n° 135) : Reggio Emilia : Edizioni San Lorenzo. - Dal 2014 (Anno 47.) il luogo di pubblicazione varia in : Reggio Calabria. 510 4 $aCod. rivista ACNP:$cP 75013 700 1 $aAltana, Alberto .$0(OLS)http://semarc/name/1880 710 2 $aComunità del diaconato in Italia .$0(OLS)http://semarc/name/1881 770 0 $tDiaconato.$d[Reggio Emilia] : Edizioni San Lorenzo, 1997.$w()356881 850 $aSeMil 852 $aSeMil$W1$xVenegono$y1$pCliccare per visualizzare collocazione, posseduto cumulativo e fascicoli ricevuti dell?annata corrente

Cliccare per visualizzare eventuali spogli (alla eventuale voce ?Indici? in fondo di pagina)$B227533$CSeMilBibl$Z2$F227533 $85 961 $aCambio. Scuola Cattolica 996 $6245$aIl diaconato in Italia$9(OLS)http://semarc/title/3629 996 $6260$aReggio Emilia :$bCentro Diaconale$9(OLS)http://semarc/publisher/30595 LEADER 01015nam a2200241 i 4500 001 000000117854 003 CaOOAMICUS 005 20030911000000.0 008 030911n it u000 u ita u 013 $a90546 040 $aSeMil$bita 240 03$aUn uomo, un Rom, un Beato.$0(OLS)http://semarc/title/173071 245 13$aUn uomo, un Rom, un Beato [Zeffirino] /$cOpera Nomadi Nazionale ; a cura di Anna Ricci. 300 $a144 p. :$briccamente ill. ;$c21 cm. 500 $aContiene : Errata corrige. - Fondo Card. C.M. Martini. 600 14$aGiménez Malla, Ceferino .$0(OLS)http://semarc/subject/18022 700 1 $aRicci, Anna.$0(OLS)http://semarc/name/49187 700 1 $aOpera Nomadi Nazionale.$0(OLS)http://semarc/name/49186 850 $aSeMil 852 $aSeMil$W1$xVenegono$y1$m3H III 233$j73204$B73204$CSeMilBibl$Z2$F100298 $81 941 1 $a4 961 $aOmaggio: Martini Card. Carlo Maria 996 $6245$aUn uomo, un Rom, un Beato [Zeffirino]$9(OLS)http://semarc/title/173072